1141 1346 1771 1103 1738 1591 1518 1203 1005 1789 1088 1049 1459 1881 1078 1190 1102 1610 1249 1976 1563 1176 1842 1519 1324 1560 1126 1474 1356 1753 1735 1655 1480 1710 1978 1717 1251 1621 1273 1940 1447 1011 1108 1159 1840 1901 1855 1412 1820 1064 1806 1337 1675 1150 1097 1546 1589 1118 1042 1162 1189 1457 1619 1378 1990 1236 1223 1853 1532 1846 1092 1174 1949 1379 1571 1873 1605 1805 1197 1663 1626 1983 1473 1748 1839 1635 1986 1612 1102 1925 1532 1435 1126 1361 1424 1511 1923 1900 1329 BCNSPRNW ULIB Ver.6.0+V

เปลี่ยนเป็นภาษาไทย

Change to English
 แสดงรายละเอียดบรรณานุกรม
  กลับหน้าหลัก

Brief Record : Get Marc (ISO 2709) : E-mail record : QR code < ปิดหน้าต่าง
LEADER : 00000nam 2200000uu 4500
001    13399127315
003     ULIB
008    200415s2562||||th 000 0 tha d
020    ^a9786168212226
060 04 ^aWY160.5^bส663ห
100 0  ^aสายสมร พุ่มพิศ
245 10 ^aหนังสือคู่มือการพยาบาลโรคพาร์กินสัน =^bParkinson s disease nursinghandbook /^cสายสมร พุ่มพิศ, กมลวรรณ บุญเพ็ง, รุ่งโรจน์ พิทยศิริ
246 31 ^aParkinson s disease nursing handbook
250    ^aพิมพ์ครั้งที่ 2
260    ^aกรุงเทพฯ :^bศูนย์ความเป็นเลิศทางการแพทย์โรคพาร์กินสันและกลุ่มโรคความเคลื่อนไหวผิดปกติ โรงพยาบาลจุฬาลงกรณ์ สภากาชาดไทย,^c2562
300    ^a240 หน้า :^bภาพประกอบสี ;^c26 ซม.
650  4 ^aโรคพาร์กินสัน
700 0  ^aกมลวรรณ บุญเพ็ง
700 0  ^aรุ่งโรจน์ พิทยศิริ
710 2  ^aศูนย์ความเป็นเลิศทางการแพทย์โรคพาร์กินสันและกลุ่มโรคความเคลื่อนไหวผิดปกติ.^bโรงพยาบาลจุฬาลงกรณ์.^bสภากาชาดไทย
945    ^p359^l0^i006814
945    ^p359^l0^i006815
945    ^p359^l0^i006816
945    ^p359^l0^i006817
945    ^p359^l0^i006818
999    ^aประนอม เกษจรัล
รายการนี้ยังไม่มีแท็ก
คุณยังไม่ได้ล็อกอิน คุณสามารถมีกิจกรรมร่วมกับเว็บไซต์ได้ แต่ต้องล็อกอินก่อน ::
  ล็อกอิน

รายการสื่อสารสนเทศ

ลำดับที่ ประเภท เลขเรียก/บาร์โค้ด สถานที่ สถานะ
1. Book การพยาบาล
หนังสือสำรอง
สถานะ=หนังสือสำรอง
WY160.5 ส663ห ฉ.1 
  Barcode: 006814
ห้องสมุดวิทยาเขตสวรรค์ประชารักษ์
►หนังสือทั่วไป
บนชั้น
2. Book การพยาบาล
Book การพยาบาล
WY160.5 ส663ห ฉ.2 
  Barcode: 006815
ห้องสมุดวิทยาเขตสวรรค์ประชารักษ์
►หนังสือทั่วไป
บนชั้น
3. Book การพยาบาล
Book การพยาบาล
WY160.5 ส663ห ฉ.3 
  Barcode: 006816
ห้องสมุดวิทยาเขตสวรรค์ประชารักษ์
►หนังสือทั่วไป
บนชั้น
4. Book การพยาบาล
Book การพยาบาล
WY160.5 ส663ห ฉ.4 
  Barcode: 006817
ห้องสมุดวิทยาเขตสวรรค์ประชารักษ์
►หนังสือทั่วไป
บนชั้น
5. Book การพยาบาล
Book การพยาบาล
WY160.5 ส663ห ฉ.5 
  Barcode: 006818
ห้องสมุดวิทยาเขตสวรรค์ประชารักษ์
►หนังสือทั่วไป
บนชั้น

รายการใกล้เคียง
    ผู้แต่ง [สายสมร พุ่มพิศ]

    หัวเรื่อง [โรคพาร์กินสัน]

BibComment


ยังไม่เคยถูกคอมเมนท์

คอมเมนท์ทรัพยากรรายการนี้
  คอมเมนท์: หนังสือคู่มือการ..


 Copyright 2026. Bcnsprnw @Library